[Event "Montesilvano Easter op"]
[Site "Montesilvano"]
[Date "2025.04.20"]
[Round "4"]
[White "Granaldi, Alessandro"]
[Black "Simonelli, Mattia"]
[Result "0-1"]
[WhiteElo "2021"]
[BlackElo "2121"]
[PlyCount "82"]
[EventDate "2025.04.18"]
[EventType "tourn"]
[EventRounds "6"]
[EventCountry "ITA"]
[SourceTitle "CB17_2025"]
[SourceDate "2025.04.23"]
[SourceVersion "1"]
[SourceVersionDate "2025.04.23"]
[SourceQuality "1"]

1. e4 c6 2. d4 d5 3. exd5 cxd5 4. Bd3 Nc6 5. c3 Nf6 6. Bf4 Bg4 7. Qb3 Qc8 8. Nd2 e6 9. Ngf3 Be7 10. 0-0 Bh5 11. Rae1 0-0 12. Qc2 Bg6 13. Bxg6 hxg6 14. Qd3 a6 15. Ng5 Nh5 16. Qh3 Bxg5 17. Bxg5 f6 18. Be3 e5 19. Qxc8 Raxc8 20. g4 Nf4 21. Bxf4 exf4 22. Nb3 b6 23. Re6 Rfe8 24. Rfe1 Rxe6 25. Rxe6 Kf7 26. Re2 g5 27. a4 a5 28. Nd2 Nd8 29. Kf1 Nb7 30. Ke1 Nd6 31. Kd1 Rh8 32. f3 Rh3 33. Ke1 f5 34. Re5 fxg4 35. Rxd5 Rxh2 36. fxg4 Ke7 37. b4 Rg2 38. Rxg5 Rxd2 39. Re5+ Kf6 40. g5+ Kg6 41. Re6+ Kf5 0-1